000 00708cam a2200253 4500
001 sa 68012146
003 DLC
005 20260227112607.0
008 691024s1968 ii b 001 0 eng
010 _asa 68012146 //r92
025 _aPL480:I-E-10622
040 _aDLC
_cDLC
_dDLC
050 0 0 _aBJ1290
_b.B5
082 0 0 _a294.4/5
100 1 0 _aBhārgava, Dayānanda.
245 1 0 _aJaina ethics.
250 _a[1st ed.]
260 0 _aDelhi,
_bMotilal Banarsidass
_c[1968]
300 _axvi, 296 p.
_c23 cm.
350 _a20.00
500 _a"A thesis approved for the degree of Doctor of Philosophy by the University of Delhi."
504 _aBibliography: p. [256]-265.
650 0 _aJaina ethics.
999 _c84333
_d84333